Biología del suelo / (Record no. 38267)

MARC details
000 -LEADER
campo de control de longitud fija 00650nam a2200193 i 4500
001 - NÚMERO DE CONTROL
campo de control 38267
003 - IDENTIFICADOR DE NÚMERO DE CONTROL
campo de control ES-MaACL
005 - FECHA Y HORA DE LA ÚLTIMA TRANSACCIÓN
campo de control 20230906155728.0
007 - CAMPO FIJO DE DESCRIPCIÓN FÍSICA--INFORMACIÓN GENERAL
campo de control de longitud fija t|
008 - DATOS DE LONGITUD FIJA--INFORMACIÓN GENERAL
campo de control de longitud fija 030225s1971 sp ||||1| spa d
100 1# - ENTRADA PRINCIPAL--NOMBRE DE PERSONA
Nombre de persona Burges, A.
9 (RLIN) 32630
245 10 - MENCIÓN DEL TÍTULO
Título Biología del suelo /
Mención de responsabilidad, etc. bajo la dirección de A. Burges y F. Raw ; traducido del inglés por José Luis Mensua Fernández y por Xavier Llimona Pagés.
260 ## - PUBLICACIÓN, DISTRIBUCIÓN, ETC.
Lugar de publicación, distribución, etc. Barcelona :
Nombre del editor, distribuidor, etc. Omega,
Fecha de publicación, distribución, etc. 1971.
300 ## - DESCRIPCIÓN FÍSICA
Extensión 596 p., 1 lám. ;
Dimensiones 23 cm.
700 1# - ENTRADA AGREGADA--NOMBRE PERSONAL
Nombre de persona Rawl, F.
9 (RLIN) 95607
700 1# - ENTRADA AGREGADA--NOMBRE PERSONAL
Nombre de persona Mensua Fernández, J. L.
9 (RLIN) 80382
700 0# - ENTRADA AGREGADA--NOMBRE PERSONAL
Nombre de persona Llimona Pagés, Xavier.
9 (RLIN) 72781
852 ## - LOCALIZACIÓN
Ubicación ES-MaACL
Número de control de estantería E-8153
Sublocalización o colección R.92658
Holdings
Estatus retirado Estado de pérdida Estado de daño No para préstamo Biblioteca de origen Biblioteca actual Ubicación en estantería Fecha de adquisición Fuente de adquisición Total de préstamos Signatura topográfica completa Código de barras Visto por última vez Precio de reemplazo Tipo de ítem Koha
        Biblioteca del Ateneo de Madrid Biblioteca del Ateneo de Madrid Depósito 2 17/01/2008     E-8153 1040282 23/02/2023 23/02/2023 Libro impreso